[Event "Sharjah Ramadan op rapid"]
[Site "Sharjah"]
[Date "2019.05.13"]
[Round "2"]
[White "Adhami, Hesham"]
[Black "Mohamed, Sultan Al Taher"]
[Result "1-0"]
[WhiteElo "2013"]
[BlackElo "1131"]
[PlyCount "39"]
[EventDate "2019.05.13"]
[EventType "swiss (rapid)"]
[EventRounds "9"]
[EventCountry "UAE"]
[SourceTitle "CBM 190 Extra"]
[Source "ChessBase"]
[SourceDate "2019.07.15"]
[SourceVersion "1"]
[SourceVersionDate "2019.07.15"]
[SourceQuality "1"]

1. f4 d5 2. Nf3 Nf6 3. e3 Bf5 4. b3 e6 5. Bb2 Be7 6. Be2 0-0 7. 0-0 Nc6 8. Na3 a6 9. c4 Re8 10. Nc2 Qd7 11. Ne5 Nxe5 12. fxe5 Ne4 13. d3 Nc5 14. Nd4 Bg6 15. cxd5 exd5 16. Bg4 Qd8 17. Bf5 Bxf5 18. Nxf5 g6 19. Nh6+ Kf8 20. Rxf7# 1-0